000 nam a22 7a 4500
999 _c10329
_d10329
008 180213b ||||| |||| 00| 0 eng d
100 _aMohan, A
_96289
245 _aMulti skill english -V
260 _aNew Delhi
_bPrachi Publication
_c2013